Pakistan A Political Study (Record no. 63087)

000 -LEADER
fixed length control field 00469nam a22001817a 4500
003 - CONTROL NUMBER IDENTIFIER
control field NUST - PNEC
005 - DATE AND TIME OF LATEST TRANSACTION
control field 20170116180803.0
008 - FIXED-LENGTH DATA ELEMENTS--GENERAL INFORMATION
fixed length control field 150420b xxu||||| |||| 00| 0 eng d
020 ## - INTERNATIONAL STANDARD BOOK NUMBER
International Standard Book Number -
040 ## - CATALOGING SOURCE
Transcribing agency LIBRARY
082 ## - DEWEY DECIMAL CLASSIFICATION NUMBER
Classification number 320.954 CAL
100 ## - MAIN ENTRY--PERSONAL NAME
9 (RLIN) 2772
Personal name Callard Keith
245 ## - TITLE STATEMENT
Title Pakistan A Political Study
Statement of responsibility, etc. Keith Callard
260 ## - PUBLICATION, DISTRIBUTION, ETC.
Place of publication, distribution, etc. Londan
Name of publisher, distributor, etc. George Allen & Unwin LTD
Date of publication, distribution, etc. C1957.
300 ## - PHYSICAL DESCRIPTION
Extent 355P. :
650 ## - SUBJECT ADDED ENTRY--TOPICAL TERM
9 (RLIN) 2774
Topical term or geographic name entry element Political
General subdivision General
942 ## - ADDED ENTRY ELEMENTS (KOHA)
Source of classification or shelving scheme
Koha item type Book
Holdings
Withdrawn status Lost status Source of classification or shelving scheme Damaged status Not for loan Permanent Location Current Location Shelving location Date acquired Source of acquisition Cost, normal purchase price Total Checkouts Full call number Barcode Date last seen Cost, replacement price Price effective from Koha item type
          Pakistan Navy Engineering College (PNEC) Pakistan Navy Engineering College (PNEC)     - 0.00   320.954 CAL PNECLIB-002197 04/20/2015 0.00   Book
© 2023 Central Library, National University of Sciences and Technology. All Rights Reserved.